[Event "8e Festival de Vaujany 2017 - principal"]
[Site "?"]
[Date "2017.07.17"]
[Round "5.16"]
[White "Williams, Johann"]
[Black "Fodor, Balazs"]
[Result "0-1"]
[WhiteElo "1951"]
[BlackElo "2117"]
[PlyCount "104"]
[EventDate "2017.07.15"]

1. e4 e6 2. d4 d5 3. Nc3 Nf6 4. e5 Nfd7 5. Nce2 c5 6. c3 Nc6 7. Nf3 Be7 8. a3
a5 9. Nf4 g6 10. h4 b6 11. Ng5 Bxg5 12. hxg5 Ba6 13. Bxa6 Rxa6 14. g4 b5 15.
Be3 cxd4 16. cxd4 a4 17. Kf1 Na5 18. Rh6 Nb3 19. Rb1 Nb6 20. Qd3 Nc4 21. Nh3
Qa5 22. Kg2 Rc6 23. Nf4 Nxe3+ 24. Qxe3 Qd2 25. Qxd2 Nxd2 26. Rbh1 Rc2 27. Nd3
Ne4 28. Rxh7 Rxh7 29. Rxh7 Rd2 30. Rh3 Nxg5 31. Re3 Ne4 32. Kf1 Rc2 33. Ke1 Rc4
34. f3 Ng5 35. Nc5 Rxd4 36. Nb7 b4 37. Nd6+ Ke7 38. Nb5 Rc4 39. Nd6 Rc2 40.
axb4 Rxb2 41. f4 Ne4 42. Nc8+ Kd8 43. Na7 Kc7 44. b5 Kb6 45. Ra3 Kxa7 46. Rxa4+
Kb7 47. Ra3 Kb6 48. Rh3 d4 49. f5 gxf5 50. gxf5 exf5 51. Rf3 Rxb5 52. Rxf5 Rb1+
0-1

[Event "8e Festival de Vaujany 2017 - principal"]
[Site "?"]
[Date "2017.07.17"]
[Round "5.18"]
[White "Geher, Koppany"]
[Black "Midoux, Sebastien"]
[Result "0-1"]
[WhiteElo "1973"]
[BlackElo "2339"]
[PlyCount "128"]
[EventDate "2017.07.15"]

1. e4 e5 2. Nf3 Nc6 3. Bb5 a6 4. Ba4 Nf6 5. d3 d6 6. c3 g6 7. O-O Bg7 8. Nbd2
O-O 9. Re1 b5 10. Bb3 Bb7 11. a4 Na5 12. Bc2 c5 13. Nf1 h6 14. Ng3 Qc7 15. b4
cxb4 16. cxb4 Nc6 17. Bd2 d5 18. Bb3 Rad8 19. Qe2 Rfe8 20. Rec1 bxa4 21. Bxa4
Qb6 22. Bxc6 Bxc6 23. b5 Bxb5 24. Ba5 Qb8 25. Bxd8 Qxd8 26. Qd2 h5 27. h4 Qb6
28. Qa5 Qxa5 29. Rxa5 Bxd3 30. exd5 e4 31. Ne1 Bb5 32. Rd1 e3 33. fxe3 Rxe3 34.
Nf3 Ng4 35. d6 Re8 36. d7 Rd8 37. Ra2 Bf8 38. Ne4 Bb4 39. Rb2 Ba5 40. Rxb5 axb5
41. Rd6 Bc7 42. Rd2 f5 43. Neg5 Nf6 44. Ne6 Bb6+ 45. Kf1 Rxd7 46. Rxd7 Nxd7 47.
Nf4 Kg7 48. Ke2 Ba7 49. Kd3 Bb8 50. Ne6+ Kf6 51. Ned4 Ne5+ 52. Nxe5 Bxe5 53.
Nxb5 Bg3 54. Ke3 Bxh4 55. Kf3 Be1 56. Nd4 Bc3 57. Ne2 Be5 58. g3 Kg5 59. Ng1 h4
60. gxh4+ Kxh4 61. Kg2 Kg4 62. Nf3 Bd6 63. Ng1 g5 64. Nh3 Bc5 0-1

[Event "8e Festival de Vaujany 2017 - principal"]
[Site "?"]
[Date "2017.07.17"]
[Round "5.19"]
[White "Pelagatti, Alessandro"]
[Black "Keiman, Clemens"]
[Result "0-1"]
[WhiteElo "2115"]
[BlackElo "1836"]
[PlyCount "34"]
[EventDate "2017.07.15"]

1. d4 d5 2. Bf4 Nf6 3. e3 Bf5 4. c4 c6 5. Nc3 e6 6. Qb3 Qb6 7. c5 Qxb3 8. axb3
Nbd7 9. b4 Be7 10. h3 a6 11. b5 cxb5 12. Bxb5 O-O 13. Be2 Rfc8 14. Nf3 b6 15.
Bxa6 Bd3 16. Bxc8 Rxa1+ 17. Nd1 bxc5 0-1

[Event "8e Festival de Vaujany 2017 - principal"]
[Site "?"]
[Date "2017.07.17"]
[Round "5.20"]
[White "Soyer, Jean-Yves"]
[Black "Bohli, Adam"]
[Result "1-0"]
[WhiteElo "2084"]
[BlackElo "1815"]
[PlyCount "73"]
[EventDate "2017.07.15"]

1. d4 Nf6 2. c4 g6 3. Nc3 d5 4. cxd5 Nxd5 5. e4 Nxc3 6. bxc3 Bg7 7. Nf3 O-O 8.
Be2 c5 9. O-O Nc6 10. Be3 cxd4 11. cxd4 Bg4 12. d5 Bxf3 13. Bxf3 Ne5 14. Be2
Rc8 15. Qa4 f5 16. exf5 Rxf5 17. Rad1 Rf6 18. Qe4 Nf7 19. Bg4 Nd6 20. Be6+ Kh8
21. Qb1 Rc4 22. Bxa7 b5 23. Be3 Qa5 24. Bg5 Ne4 25. Bxf6 Bxf6 26. d6 Nxd6 27.
Bxc4 Nxc4 28. Qc2 Be5 29. Rd5 Bd6 30. Rfd1 Kg7 31. Qb3 Na3 32. g3 Qa6 33. Qc3+
Kg8 34. Qe3 b4 35. Qe6+ Kg7 36. Rxd6 exd6 37. Rxd6 1-0

[Event "8e Festival de Vaujany 2017 - principal"]
[Site "?"]
[Date "2017.07.17"]
[Round "5.22"]
[White "Delin, Valere"]
[Black "Birovecz, Ben Jordan"]
[Result "0-1"]
[WhiteElo "1753"]
[BlackElo "1981"]
[PlyCount "120"]
[EventDate "2017.07.15"]

1. e4 e5 2. Nf3 Nc6 3. Bb5 a6 4. Ba4 Nf6 5. O-O Nxe4 6. d4 b5 7. Bb3 d5 8. dxe5
Be6 9. Re1 Be7 10. c3 O-O 11. Nd4 Qd7 12. Nxe6 fxe6 13. Rxe4 Bc5 14. Rf4 Nxe5
15. Bc2 g5 16. Rxf8+ Rxf8 17. Be3 Bxe3 18. fxe3 Qf7 19. Qe2 Ng4 20. Nd2 Qf2+
21. Qxf2 Rxf2 22. Rd1 Re2 23. Bd3 Rxg2+ 24. Kxg2 Nxe3+ 25. Kg3 Nxd1 26. Nf3 h6
27. Be2 Nxb2 28. Ne5 Na4 29. Bh5 Kg7 30. Nd3 c5 31. Be8 c4 32. Nb4 a5 33. Nc2
Nxc3 34. a3 e5 35. Kg4 Kf6 36. Kh5 d4 37. Kxh6 d3 38. Ne3 d2 39. Bh5 Nb1 40. a4
bxa4 41. Nxc4 a3 42. Nxa5 a2 43. Nb3 Nc3 44. h3 d1=Q 45. Bxd1 Nxd1 46. Kh5 Kf5
47. Kh6 Nf2 48. Kh5 Nxh3 49. Na1 e4 50. Nc2 Nf2 51. Nd4+ Kf4 52. Nc2 e3 53. Na1
e2 54. Nc2 Nd3 55. Nd4 e1=Q 56. Ne6+ Ke5 57. Nxg5 Qh1+ 58. Kg4 Qg1+ 59. Kh4 Kf5
60. Kh3 Nf2+ 0-1

[Event "8e Festival de Vaujany 2017 - principal"]
[Site "?"]
[Date "2017.07.18"]
[Round "6.1"]
[White "Lagarde, Maxime"]
[Black "Van Osch, Mees"]
[Result "1/2-1/2"]
[WhiteElo "2603"]
[BlackElo "2316"]
[PlyCount "96"]
[EventDate "2017.07.15"]

1. e4 e6 2. d4 d5 3. e5 c5 4. c3 Nc6 5. Nf3 Qb6 6. a3 Nh6 7. b4 cxd4 8. cxd4
Nf5 9. Be3 f6 10. exf6 gxf6 11. Bd3 Nxe3 12. fxe3 Bd7 13. Nc3 Nxb4 14. axb4
Bxb4 15. O-O Bxc3 16. Ne5 fxe5 17. Qh5+ Kd8 18. Qxe5 Re8 19. Qg5+ Kc8 20. Rac1
Qa5 21. Rf7 a6 22. e4 Bc6 23. Qe5 dxe4 24. Qxa5 Bxa5 25. Bxe4 Bc7 26. Rxc6 bxc6
27. Bxc6 Ra7 28. Bxe8 Kd8 29. Rf8 Ke7 30. Rg8 Bb6 31. Ba4 Bxd4+ 32. Kf1 Kd6 33.
Rc8 a5 34. Ke2 Rc7 35. Rxc7 Kxc7 36. Kd3 Bg1 37. Kc4 Kd6 38. Kb5 e5 39. Kxa5
Kc5 40. Bc2 h6 41. h4 Bf2 42. g3 Bxg3 43. h5 Kd4 44. Kb4 e4 45. Bxe4 Kxe4 46.
Kc4 Kf3 47. Kd3 Kg4 48. Ke2 (48. Kd4) (48. Ke4) 48... Kxh5 1/2-1/2

[Event "8e Festival de Vaujany 2017 - principal"]
[Site "?"]
[Date "2017.07.18"]
[Round "6.2"]
[White "Van Foreest, Lucas"]
[Black "Bauer, Christian"]
[Result "0-1"]
[WhiteElo "2473"]
[BlackElo "2639"]
[PlyCount "50"]
[EventDate "2017.07.15"]

1. e4 c6 2. d4 d5 3. exd5 cxd5 4. Bd3 Nc6 5. c3 g6 6. Qc2 Bg7 7. Bf4 f6 8. Be3
e5 9. dxe5 fxe5 10. c4 e4 11. Be2 d4 12. Qxe4+ Nge7 13. Bc1 Bf5 14. Qh4 Qa5+
15. Bd2 Qb6 16. b3 Nb4 17. Bd1 O-O 18. Nf3 Bd3 19. Bg5 Nf5 20. Qh3 Rae8+ 21.
Kd2 Qa5 22. Kc1 Be4 23. Ne1 d3 24. a3 Bxa1 25. Bd2 Na2# 0-1

[Event "8e Festival de Vaujany 2017 - principal"]
[Site "Vaujany"]
[Date "2017.07.18"]
[Round "6.3"]
[White "Maiorov, Nikita"]
[Black "Gazik, Viktor"]
[Result "0-1"]
[WhiteElo "2531"]
[BlackElo "2462"]
[PlyCount "82"]
[EventDate "2017.07.13"]
[EventRounds "9"]
[EventCountry "FRA"]

1. d4 Nf6 2. c4 Nc6 3. Nf3 e6 4. Nc3 Bb4 5. Qc2 O-O 6. Bd2 d6 7. a3 Bxc3 8.
Bxc3 a5 9. b3 Qe7 10. e3 e5 11. d5 Nb8 12. Nd2 c6 13. dxc6 Nxc6 14. Bd3 h6 15.
O-O d5 16. cxd5 Nxd5 17. Bb2 Be6 18. Nc4 Rac8 19. Qd2 Qc7 20. Rac1 f6 21. Qe2
Rfd8 22. Bb1 b5 23. Nd2 b4 24. Ne4 Nde7 25. Nc5 Bf7 26. axb4 axb4 27. Qc2 Ng6
28. Qe2 Qe7 29. Bf5 Ra8 30. Qb5 Na5 31. Be4 Rdb8 32. Qd3 Rd8 33. Qb5 Rdb8 34.
Qe2 Ra7 35. Rfd1 Nf8 36. Na6 Rb6 37. Bd3 Nxb3 (37... Bxb3 38. Rd2 e4 39. Bb5
Rab7) 38. Rc8 Rd7 39. Nb8 Rc7 40. Rd8 Nc5 41. Bf5 Rcb7 0-1

[Event "8e Festival de Vaujany 2017 - principal"]
[Site "Vaujany"]
[Date "2017.07.18"]
[Round "6.4"]
[White "Loiseau, Quentin"]
[Black "Brunner, Nicolas"]
[Result "1/2-1/2"]
[WhiteElo "2424"]
[BlackElo "2480"]
[PlyCount "42"]
[EventDate "2017.07.13"]
[EventRounds "9"]
[EventCountry "FRA"]

1. d4 Nf6 2. c4 e6 3. Nf3 d5 4. Nc3 dxc4 5. Bg5 Bb4 6. e4 c5 7. Bxc4 cxd4 8.
Nxd4 Bxc3+ 9. bxc3 Qa5 10. Bb5+ Bd7 11. Bxf6 gxf6 12. Qb3 Bxb5 13. Nxb5 O-O 14.
O-O Nc6 15. c4 Rad8 16. Qg3+ Kh8 17. Qh4 Kg7 18. Qg4+ Kh8 19. Qh4 Kg7 20. Qg4+
Kh8 21. Qh4 Kg7 1/2-1/2

[Event "8e Festival de Vaujany 2017 - principal"]
[Site "Vaujany"]
[Date "2017.07.18"]
[Round "6.5"]
[White "Dudognon, Thibault"]
[Black "Horvath, Jozsef"]
[Result "1/2-1/2"]
[WhiteElo "2201"]
[BlackElo "2541"]
[PlyCount "60"]
[EventDate "2017.07.13"]
[EventRounds "9"]
[EventCountry "FRA"]

1. c4 e5 2. g3 c6 3. d4 Bb4+ 4. Bd2 Bxd2+ 5. Qxd2 e4 6. f3 Nf6 7. Nc3 d5 8.
cxd5 cxd5 9. Bg2 exf3 10. exf3 O-O 11. Nge2 Nc6 12. O-O b6 13. Rfe1 Ba6 14. Nf4
Qd6 15. Bf1 Bxf1 16. Kxf1 Rac8 17. Kg2 Rfd8 18. Rac1 g6 19. Nb5 Qd7 20. Nd3 Re8
21. Qf4 Rxe1 22. Nxe1 Ne8 23. Nd3 f6 24. Qg4 Qxg4 25. fxg4 a6 26. Nb4 axb5 27.
Rxc6 Rxc6 28. Nxc6 Kf7 29. Kf3 Ke6 30. Ke3 Nd6 1/2-1/2

[Event "8e Festival de Vaujany 2017 - principal"]
[Site "?"]
[Date "2017.07.18"]
[Round "6.6"]
[White "Skomorokhin, Roman"]
[Black "Collas, Didier"]
[Result "1/2-1/2"]
[WhiteElo "2390"]
[BlackElo "2376"]
[PlyCount "177"]
[EventDate "2017.07.15"]

1. d4 Nf6 2. c4 g6 3. Nc3 Bg7 4. e4 d6 5. Be2 O-O 6. Nf3 e5 7. O-O Nc6 8. d5
Ne7 9. a4 a5 10. Ne1 Nd7 11. Nd3 f5 12. f3 f4 13. b3 g5 14. Ba3 b6 15. b4 axb4
16. Bxb4 Rf6 17. a5 c5 18. dxc6 Nxc6 19. Nd5 Rg6 20. axb6 Nxb6 21. Rxa8 Nxa8
22. Qa4 Bd7 23. Ra1 Nb6 24. Qb5 Nxb4 25. Qxb6 Qxb6+ 26. Nxb6 Nxd3 27. Ra8+ Kf7
28. Bxd3 Be6 29. Ra7+ Kg8 30. Nd5 Bf8 31. h3 h5 32. Be2 Kh8 33. Bd1 h4 34. Ba4
Rg7 35. Ra8 Bxd5 36. cxd5 Kg8 37. Bc6 Rh7 38. Kf1 Rf7 39. Ke2 Kg7 40. Kd3 Be7
41. Kc4 Rf8 42. Be8 Kf6 43. Kb5 Rg8 44. Kc6 Rf8 45. Rc8 Rg8 46. Kd7 Rf8 47. Bh5
Rxc8 48. Kxc8 Bf8 49. Kd7 Bh6 50. Kxd6 Bf8+ 51. Kc7 Bb4 52. d6 Ba5+ 53. Kd7 Bb4
54. Bg4 Bc5 55. Kc6 Bb4 56. Bf5 Kf7 57. Bc8 Kf6 58. Ba6 Ke6 59. Bc4+ Kf6 60.
Bb3 Ba5 61. Kb5 Bd2 62. Ba2 Bc3 63. Kc5 Bd2 64. Bb3 Bc3 65. Kd5 Bb4 66. Kc6 Ba5
67. Kb7 Bb4 68. Kc7 Ba5+ 69. Kd7 Bb4 70. Bc4 Bc5 71. Bb3 Bb4 72. Kc7 Ba5+ 73.
Kc8 Bb6 74. Kd7 Bc5 75. Kc7 Bb4 76. Kc6 Ba5 77. Kb5 Bd2 78. Ba2 Bc3 79. Bd5 Bd2
80. Bb7 Bc3 81. Bc8 Bd2 82. Bg4 Bc3 83. Bf5 Bd2 84. Kc5 Bc3 85. Bg4 Ba5 86. Kc6
Bb4 87. d7 Ba5 88. Kd6 Bd8 89. Bf5 1/2-1/2

[Event "8e Festival de Vaujany 2017 - principal"]
[Site "?"]
[Date "2017.07.18"]
[Round "6.7"]
[White "Frederic, Clement"]
[Black "Godart, Francois"]
[Result "0-1"]
[WhiteElo "2196"]
[BlackElo "2411"]
[PlyCount "92"]
[EventDate "2017.07.15"]

1. e4 e6 2. d4 d5 3. Nc3 Bb4 4. e5 c5 5. a3 Bxc3+ 6. bxc3 Qa5 7. Bd2 Qa4 8. Qb1
c4 9. h4 Nc6 10. h5 Bd7 11. h6 Nxh6 12. Bxh6 gxh6 13. Ne2 O-O-O 14. Rxh6 Rdg8
15. g3 Qa5 16. Kd1 Rg6 17. Qc1 Ne7 18. Bh3 Qd8 19. Qe3 Ba4 20. Kd2 Qf8 21. Rh5
h6 22. Rh1 Nc6 23. Nf4 Rgg8 24. Nxd5 Qxa3 25. Nf6 Qb2 26. Rc1 Rd8 27. d5 Rxd5+
28. Nxd5 Rd8 29. Bg2 exd5 30. Ke1 d4 31. cxd4 Nxd4 32. Kf1 Bxc2 33. Re1 Bg6 34.
Rh4 Nc2 35. Bh3+ Kb8 36. Qc1 Qb3 37. e6 Qd3+ 38. Re2 Nd4 39. Rxd4 Qxd4 40. e7
Re8 41. Kg2 Bd3 42. Re1 Qd6 43. Qe3 f5 44. Kh2 a6 45. Bg2 c3 46. Bf3 c2 0-1

[Event "8e Festival de Vaujany 2017 - principal"]
[Site "?"]
[Date "2017.07.18"]
[Round "6.8"]
[White "Abello, Sebastien"]
[Black "Bandet, Raphael"]
[Result "1-0"]
[WhiteElo "2362"]
[BlackElo "2179"]
[PlyCount "67"]
[EventDate "2017.07.15"]

1. d4 Nf6 2. c4 g6 3. g3 Bg7 4. Bg2 O-O 5. Nc3 d6 6. Nf3 c5 7. d5 e6 8. O-O
exd5 9. cxd5 Re8 10. Bf4 a6 11. a4 b6 12. Re1 Ng4 13. Bg5 Qc7 14. h3 Ne5 15.
Nd2 h6 16. Bf4 g5 17. Bxe5 Bxe5 18. Nc4 Bg7 19. e4 Nd7 20. f4 gxf4 21. gxf4 Bb7
22. Kh1 Nf8 23. Qg4 Rad8 24. Rg1 Bc8 25. f5 Qe7 26. Bf3 Qg5 27. Qxg5 hxg5 28.
h4 Nd7 29. Nxd6 Re7 30. Nxc8 Rxc8 31. d6 Ree8 32. Nd5 Ne5 33. Be2 Nc6 34. d7
1-0

[Event "8e Festival de Vaujany 2017 - principal"]
[Site "?"]
[Date "2017.07.18"]
[Round "6.9"]
[White "Pierecker"]
[Black "Olivier"]
[Result "0-1"]
[WhiteElo "2179"]
[BlackElo "2353"]
[PlyCount "57"]
[EventDate "2017.07.15"]

1. e4 e5 2. Nf3 Nc6 3. Bb5 a6 4. Ba4 Nf6 5. O-O Be7 6. Re1 b5 7. Bb3 d6 8. c3
O-O 9. h3 Na5 10. Bc2 c5 11. d4 Qc7 12. Nbd2 cxd4 13. cxd4 Bb7 14. Nf1 Rac8 15.
Bd3 d5 16. dxe5 Nxe4 17. Be3 Nc4 18. Bd4 Bc5 19. Bb1 Rfe8 20. b3 Nxe5 21. Bxe4
Nxf3+ 22. gxf3 dxe4 23. Rc1 Qe7 24. Bxc5 Rxc5 25. fxe4 Rg5+ 26. Ng3 h5 27. h4
Rg4 28. Kf1 Qxh4 29. Rc6 0-1

[Event "8e Festival de Vaujany 2017 - principal"]
[Site "?"]
[Date "2017.07.18"]
[Round "6.10"]
[White "Gedajlovic, Max"]
[Black "Decrop, Benjamin"]
[Result "1/2-1/2"]
[WhiteElo "2324"]
[BlackElo "2177"]
[PlyCount "52"]
[EventDate "2017.07.15"]

1. d4 Nf6 2. c4 e6 3. Nf3 d5 4. Nc3 Bb4 5. Qb3 c5 6. dxc5 Na6 7. a3 Bxc3+ 8.
Qxc3 Nxc5 9. cxd5 Qxd5 10. Bf4 Nce4 11. Qd4 O-O 12. e3 Qxd4 13. Nxd4 Nd5 14.
Bd3 Nc5 15. Be2 Nxf4 16. exf4 Rd8 17. Rd1 Bd7 18. Bf3 Ba4 19. Rd2 Rac8 20. Ke2
b6 21. Rc1 Kf8 22. Rc3 Bd7 23. Nc6 Bxc6 24. Rxd8+ Rxd8 25. Bxc6 Rd6 26. Bf3 a5
1/2-1/2

[Event "8e Festival de Vaujany 2017 - principal"]
[Site "?"]
[Date "2017.07.18"]
[Round "6.11"]
[White "Fodor, Balazs"]
[Black "Collas, Silvia"]
[Result "1/2-1/2"]
[WhiteElo "2117"]
[BlackElo "2296"]
[PlyCount "124"]
[EventDate "2017.07.15"]

1. d4 Nf6 2. c4 e6 3. Nf3 b6 4. a3 Ba6 5. Qc2 Bb7 6. Nc3 c5 7. dxc5 Bxc5 8. Bf4
Be7 9. Nb5 Na6 10. Nd6+ Bxd6 11. Bxd6 Ne4 12. Be5 f6 13. Bd4 e5 14. Bc3 Qc7 15.
e3 O-O 16. Nd2 Nac5 17. f3 Nxc3 18. Qxc3 f5 19. b4 Ne6 20. Nb3 Rac8 21. Rc1 d6
22. Be2 f4 23. e4 Qe7 24. O-O Rf6 25. Rfd1 Rh6 26. Qe1 Kh8 27. Qf2 Bc6 28. b5
Bb7 29. a4 Nc5 30. Nxc5 dxc5 31. Rd2 Rd8 32. Rxd8+ Qxd8 33. Rd1 Rd6 34. Rxd6
Qxd6 35. Qh4 Bc8 36. h3 Be6 37. Kh2 Bg8 38. Qe1 Qd4 39. Qf1 g5 40. Qc1 h5 41.
Kh1 Kg7 42. Qc2 Be6 43. Kh2 Kf6 44. Kh1 Qf2 45. Qd3 Ke7 46. Qd1 Qe3 47. Qc2 Qd4
48. Kh2 Qa1 49. Qb3 Qc1 50. Qa2 Qc3 51. Kg1 g4 52. hxg4 hxg4 53. fxg4 Qe3+ 54.
Kf1 Qxe4 55. a5 Qd4 56. axb6 axb6 57. Qa7+ Bd7 58. Qxb6 e4 59. g5 Qa1+ 60. Kf2
Qd4+ 61. Kf1 Qa1+ 62. Kf2 Qd4+ 1/2-1/2

[Event "8e Festival de Vaujany 2017 - principal"]
[Site "?"]
[Date "2017.07.18"]
[Round "6.12"]
[White "Degeorges, Mathis"]
[Black "Ratsma, Midas"]
[Result "0-1"]
[WhiteElo "2061"]
[BlackElo "2209"]
[PlyCount "58"]
[EventDate "2017.07.15"]

1. e4 c5 2. Nf3 Nc6 3. Bb5 Nf6 4. Bxc6 dxc6 5. e5 Nd5 6. c4 Nb4 7. O-O Bg4 8.
Nc3 Qd3 9. Qe2 Bxf3 10. gxf3 O-O-O 11. b3 g5 12. e6 Bg7 13. Qxd3 Rxd3 14. exf7
Rxf3 15. Rb1 Bd4 16. Ne2 Nd3 17. Nxd4 cxd4 18. Ba3 Rxf7 19. b4 Rhf8 20. Bb2 e5
21. Ba3 Rf4 22. b5 Rg4+ 23. Kh1 Nxf2+ 24. Rxf2 Rxf2 25. bxc6 bxc6 26. Bd6 Re4
27. c5 Ree2 28. Rb8+ Kd7 29. Rb7+ Ke6 0-1

[Event "8e Festival de Vaujany 2017 - principal"]
[Site "?"]
[Date "2017.07.18"]
[Round "6.13"]
[White "Birovecz, Ben Jordan"]
[Black "Piceu, Tom"]
[Result "0-1"]
[WhiteElo "1981"]
[BlackElo "2378"]
[PlyCount "72"]
[EventDate "2017.07.15"]

1. d4 Nf6 2. c4 c5 3. d5 b5 4. cxb5 a6 5. bxa6 g6 6. Nc3 Bxa6 7. Nf3 Bg7 8. e4
Bxf1 9. Kxf1 d6 10. g3 O-O 11. Kg2 Nbd7 12. a4 Qb6 13. Qe2 Rfb8 14. Bd2 Ne8 15.
Rhb1 Nc7 16. b3 Qa6 17. Qe3 Rb7 18. Ra2 Rab8 19. Ne2 e6 20. dxe6 fxe6 21. Nc1
d5 22. Qg5 dxe4 23. Nh4 Nd5 24. Rc2 Ne5 25. Be1 Bf6 26. Qd2 Bxh4 27. gxh4 Nf3
28. Qa5 Nf4+ 29. Kg3 Qd6 30. Bc3 Nd3+ 31. Kg2 Qxh2+ 32. Kf1 Qg1+ 33. Ke2 Nd4+
34. Bxd4 cxd4 35. Rc7 Rxc7 36. Qxc7 Qe1# 0-1

[Event "8e Festival de Vaujany 2017 - principal"]
[Site "?"]
[Date "2017.07.18"]
[Round "6.14"]
[White "Midoux, Sebastien"]
[Black "Soyer, Jean-Yves"]
[Result "1-0"]
[WhiteElo "2339"]
[BlackElo "2084"]
[PlyCount "59"]
[EventDate "2017.07.15"]

1. e4 c5 2. Nf3 d6 3. d4 cxd4 4. Nxd4 Nf6 5. Nc3 a6 6. h3 e5 7. Nde2 h5 8. Bg5
Be7 9. Bxf6 Bxf6 10. Qd3 Be6 11. O-O-O Be7 12. Kb1 Nd7 13. g3 Qc7 14. f4 O-O-O
15. Nd5 Bxd5 16. Qxd5 Rhf8 17. Nc3 Nb6 18. Qb3 exf4 19. a4 Qc5 20. gxf4 Bf6 21.
Rd3 Rd7 22. Nd5 Nxd5 23. Rxd5 Qf2 24. e5 Be7 25. h4 Rdd8 26. Bh3+ Kb8 27. Rhd1
dxe5 28. Rd7 b6 29. Qc4 Qf3 30. Qc7+ 1-0

[Event "8e Festival de Vaujany 2017 - principal"]
[Site "Vaujany"]
[Date "2017.07.18"]
[Round "6.15"]
[White "Gazik, Igor"]
[Black "Keiman, Clemens"]
[Result "1-0"]
[WhiteElo "2273"]
[BlackElo "1836"]
[PlyCount "55"]
[EventDate "2017.07.13"]
[EventRounds "9"]
[EventCountry "FRA"]

1. e4 c6 2. d4 d5 3. exd5 cxd5 4. Bd3 Nc6 5. c3 Nf6 6. Nf3 Bg4 7. O-O e6 8. Bg5
Bd6 9. Nbd2 Qc7 10. Qc2 h6 11. Bh4 g5 12. Bg3 Nh5 13. Bxd6 Qxd6 14. Ne5 Nxe5
15. dxe5 Qd7 16. f3 Bf5 17. Bxf5 exf5 18. Nb3 O-O 19. Nd4 Ng7 20. f4 g4 21. Qd3
Rad8 22. h3 h5 23. hxg4 hxg4 24. Rae1 Kh7 25. Re3 Rfe8 26. Kf2 f6 27. e6 Qd6
28. Nxf5 1-0

[Event "8e Festival de Vaujany 2017 - principal"]
[Site "?"]
[Date "2017.07.18"]
[Round "6.16"]
[White "Lysenko, Ivan"]
[Black "Ratsma, Rosa"]
[Result "0-1"]
[WhiteElo "1703"]
[BlackElo "2194"]
[PlyCount "66"]
[EventDate "2017.07.15"]

1. d4 Nf6 2. c4 g6 3. Nc3 Bg7 4. e4 d6 5. Nf3 O-O 6. Be2 e5 7. O-O Nc6 8. Bg5
h6 9. Be3 Ng4 10. d5 Ne7 11. Qd2 Kh7 12. Ne1 Nxe3 13. Qxe3 f5 14. f3 f4 15. Qf2
g5 16. Nd3 Ng8 17. c5 Rf7 18. cxd6 cxd6 19. Rac1 Nf6 20. Rc2 Bf8 21. Rfc1 Bd7
22. Ne1 Rg7 23. Bb5 g4 24. Bxd7 Qxd7 25. Kf1 Be7 26. a4 Bd8 27. Nb5 g3 28. hxg3
Bb6 29. Qe2 Nh5 30. Qf2 Nxg3+ 31. Kg1 Qd8 32. Rc5 Qh4 33. Qxg3 Qxg3 0-1

[Event "8e Festival de Vaujany 2017 - principal"]
[Site "?"]
[Date "2017.07.18"]
[Round "6.18"]
[White "Geher, Laszlo"]
[Black "Joie, Sebastien"]
[Result "0-1"]
[WhiteElo "1900"]
[BlackElo "2376"]
[PlyCount "54"]
[EventDate "2017.07.15"]

1. e4 c5 2. Nf3 Nc6 3. d4 cxd4 4. Nxd4 g6 5. Bc4 Bg7 6. Nxc6 bxc6 7. O-O Nf6 8.
Nc3 Qa5 9. Bb3 O-O 10. f4 d6 11. Kh1 Ba6 12. Rf3 d5 13. e5 Ne4 14. Nxe4 dxe4
15. Bd2 Qc7 16. Re3 c5 17. Bd5 Rad8 18. c4 e6 19. Bxe4 f5 20. exf6 Bxf6 21. Qc2
Qxf4 22. Re2 Qg4 23. Bh6 Rf7 24. Rae1 Qh5 25. Bf4 Qg4 26. Bg3 Bd4 27. Qb3 Qxe2
0-1

[Event "8e Festival de Vaujany 2017 - principal"]
[Site "?"]
[Date "2017.07.18"]
[Round "6.21"]
[White "Virag, Balint"]
[Black "Stamboulian, Brice"]
[Result "1-0"]
[WhiteElo "1922"]
[BlackElo "1820"]
[PlyCount "97"]
[EventDate "2017.07.15"]

1. e4 c5 2. Nf3 e6 3. g3 a6 4. Bg2 b5 5. O-O Bb7 6. Qe2 d6 7. d4 cxd4 8. Nxd4
Qc7 9. Re1 Nd7 10. Be3 Ngf6 11. Nd2 Be7 12. Rac1 d5 13. Bf4 Qb6 14. exd5 Nxd5
15. Bxd5 Bxd5 16. Nf5 Bf6 17. c4 O-O 18. cxd5 exf5 19. Rc7 Nc5 20. Rc6 Qa7 21.
Bd6 Bd4 22. Bxf8 Rxf8 23. Nf3 Ne4 24. Nxd4 Qxd4 25. Rd1 Qa7 26. d6 Rd8 27. d7
Kf8 28. Rc8 Ke7 29. Rxd8 Kxd8 30. Qc2 Qb7 31. a3 g6 32. b4 Ng5 33. Qc8+ Qxc8
34. dxc8=Q+ Kxc8 35. Rd6 Kb7 36. f4 Ne4 37. Rd7+ Kb6 38. Rxf7 a5 39. bxa5+ Kxa5
40. Ra7+ Kb6 41. Rxh7 Nd2 42. Rh6 Nc4 43. Rxg6+ Ka5 44. Rf6 Nxa3 45. Rxf5 Kb6
46. Re5 b4 47. h4 b3 48. Re3 b2 49. Rb3+ 1-0

[Event "8e Festival de Vaujany 2017 - principal"]
[Site "?"]
[Date "2017.07.18"]
[Round "6.25"]
[White "Delin, Valere"]
[Black "Geher, Koppany"]
[Result "0-1"]
[WhiteElo "1753"]
[BlackElo "1973"]
[PlyCount "140"]
[EventDate "2017.07.15"]

1. e4 c5 2. Nf3 e6 3. d4 cxd4 4. Nxd4 Nc6 5. Nc3 Qc7 6. Be3 a6 7. Be2 Nf6 8.
O-O Be7 9. a4 d6 10. Nxc6 bxc6 11. a5 c5 12. f4 Bb7 13. Bf3 O-O 14. Qe1 Rfe8
15. Qg3 d5 16. e5 Nd7 17. Bd2 Bf8 18. Nd1 Rab8 19. Ne3 g6 20. h4 Bg7 21. h5 d4
22. Nc4 Bf8 23. hxg6 fxg6 24. Bxb7 Rxb7 25. Rf3 Nb8 26. Raf1 Nc6 27. Qh3 Qb8
28. b3 Rg7 29. g4 Qc7 30. Kh1 Qb7 31. Kh2 Qc7 32. Kh1 h5 33. g5 Rf7 34. Kg2 Qd7
35. Nb6 Qb7 36. Nc4 Rf5 37. Qg3 Be7 38. Qe1 Na7 39. Kg3 Ref8 40. Qc1 Nb5 41.
Qe1 Bxg5 42. Nd6 Nxd6 43. exd6 Qd5 44. d7 Bd8 45. Qe2 Qc6 46. Re1 R5f6 47. c3
Bc7 48. cxd4 cxd4 49. Rc1 Qxd7 50. Qxa6 Bb8 51. Qc6 Qf7 52. Rcf1 g5 53. Qe4 e5
54. fxe5 Bxe5+ 55. Kg2 Rxf3 56. Rxf3 Qxf3+ 57. Qxf3 Rxf3 58. Kxf3 g4+ 59. Kg2
Kf7 60. a6 Bb8 61. Bf4 Ba7 62. b4 Ke6 63. b5 Kd5 64. Kf2 Kc5 65. Kg3 Kxb5 66.
Kh4 d3 67. Kg3 Kxa6 68. Bg5 Kb5 69. Kg2 Kc4 70. Bd2 Bd4 0-1

[Event "8e Festival de Vaujany 2017 - principal"]
[Site "?"]
[Date "2017.07.19"]
[Round "7.1"]
[White "Bauer, C."]
[Black "Gazik, V."]
[Result "1-0"]
[WhiteElo "2639"]
[BlackElo "2462"]
[PlyCount "95"]
[EventDate "2017.07.15"]

1. d4 Nf6 2. Bf4 g6 3. Nc3 Bg7 4. e4 d6 5. Qd2 c6 6. h3 b5 7. a3 Nbd7 8. Nf3
O-O 9. e5 Ne8 10. Rd1 Bb7 11. Be2 c5 12. dxc5 Nxc5 13. Nxb5 Qb6 14. O-O dxe5
15. Nxe5 Nf6 16. c4 Nfe4 17. Qe3 a6 18. Nc3 Qe6 19. Nxe4 Nxe4 20. Nd7 Rfe8 21.
f3 Rad8 22. fxe4 Rxd7 23. Bg4 Rxd1 24. Bxe6 Bd4 25. Rxd1 Bxe3+ 26. Bxe3 fxe6
27. e5 Rc8 28. Bh6 Kf7 29. Rd4 a5 30. b4 axb4 31. axb4 Ra8 32. Rf4+ Ke8 33.
Rf8+ Kd7 34. Rxa8 Bxa8 35. Kf2 Be4 36. Ke3 Bxg2 37. h4 Kc6 38. Kd4 Bf3 39. Kc3
Kb6 40. Be3+ Ka6 41. Kd4 Kb6 42. Kc3+ Ka6 43. Bg5 Be2 44. Bxe7 h6 45. b5+ Ka5
46. Kb3 Bd1+ 47. Ka3 Kb6 48. Kb4 1-0

[Event "8e Festival de Vaujany 2017 - principal"]
[Site "?"]
[Date "2017.07.19"]
[Round "7.2"]
[White "Loiseau, Q."]
[Black "Lagarde, M."]
[Result "1/2-1/2"]
[WhiteElo "2424"]
[BlackElo "2609"]
[PlyCount "60"]
[EventDate "2017.07.15"]

1. c4 g6 2. Nc3 Bg7 3. d4 d6 4. e4 Nf6 5. Nf3 O-O 6. Be2 e5 7. O-O Nc6 8. d5
Ne7 9. b4 Nh5 10. Re1 f5 11. Ng5 Nf6 12. Bf3 h6 13. Ne6 Bxe6 14. dxe6 c6 15. b5
fxe4 16. Nxe4 Nxe4 17. Bxe4 d5 18. cxd5 cxd5 19. Ba3 dxe4 20. Qxd8 Rfxd8 21.
Bxe7 Re8 22. Bc5 Rxe6 23. Be3 Rd6 24. Rac1 Rd7 25. Rc4 Kf7 26. g4 h5 27. h3
hxg4 28. hxg4 Ke6 29. Rec1 Bf6 30. Rxe4 Rd5 1/2-1/2